Catalog

Record Details

Catalog Search



Efektivní rodičovství krok za krokem  Cover Image Book Book

Efektivní rodičovství krok za krokem / Don Dinkmeyer, Gary D. McKay ; [z anglického originálu ... přeložila Bohuslava Boučková]

Record details

  • ISBN: 978-80-7367-445-8
  • Physical Description: 141 s. : il. ; 23 cm
  • Edition: Vyd. 2., opr.
  • Publisher: Praha : Portál, 2008

Content descriptions

General Note:
Na rubu tit. s.: opravený dotisk 2008
Subject: rodičovství
výchova dítěte
individuální psychologie
parenting
child rearing
individual psychology
Genre: příručky
handbooks, manuals, etc

Available copies

  • 1 of 1 copy available at Common Catalog SPOK.

Holds

  • 0 current holds with 1 total copy.
Show Only Available Copies
Location Call Number / Copy Notes Barcode Shelving Location Status Due Date
Jabok Library Ped-7.2.1 424480022939 Odborná literatura Available -

LDR 01858nam a2200493 a 4500
0012659
003CZ-PrJAB
00520221206163446.0
007ta
008080812s2008 xr a e 000 0 cze
015 . ‡acnb001815377
020 . ‡a978-80-7367-445-8 ‡q(brož.)
035 . ‡a(CZ PrNK)nkc20081815377
035 . ‡a(OCoLC)276816429
040 . ‡aABA001 ‡bcze
0411 . ‡acze ‡heng
072 7. ‡a37 ‡xVýchova a vzdělávání ‡2Konspekt ‡922
080 . ‡a173.5-055.52 ‡2MRF
080 . ‡a37.03-053.2 ‡2MRF
080 . ‡a159.964.26 ‡2MRF
080 . ‡a(035) ‡2MRF
1001 . ‡aDinkmeyer, Don C., ‡d1924-2001 ‡7xx0084336 ‡4aut
24510. ‡aEfektivní rodičovství krok za krokem / ‡cDon Dinkmeyer, Gary D. McKay ; [z anglického originálu ... přeložila Bohuslava Boučková]
250 . ‡aVyd. 2., opr.
260 . ‡aPraha : ‡bPortál, ‡c2008
300 . ‡a141 s. : ‡bil. ; ‡c23 cm
4901 . ‡aRádci pro rodiče a vychovatele
500 . ‡aNa rubu tit. s.: opravený dotisk 2008
65007. ‡arodičovství ‡7ph138908 ‡2czenas
65007. ‡avýchova dítěte ‡7ph127420 ‡2czenas
65007. ‡aindividuální psychologie ‡7ph121072 ‡2czenas
65009. ‡aparenting ‡2eczenas
65009. ‡achild rearing ‡2eczenas
65009. ‡aindividual psychology ‡2eczenas
655 7. ‡apříručky ‡7fd133209 ‡2czenas
655 9. ‡ahandbooks, manuals, etc ‡2eczenas
7001 . ‡aMcKay, Gary D. ‡7xx0058073 ‡4aut
7001 . ‡aBoučková, Bohuslava ‡7jx20081009002 ‡4trl
7650 . ‡tSTEP: Systematic training for effective parenting ‡9Česky
830 0. ‡aRádci pro rodiče a vychovatele
910 . ‡aABG312
901 . ‡a2659 ‡bUnknown ‡c2659 ‡tbiblio

Additional Resources